Statystyki dla Największe miasta w Afryce

Kliknij tutaj aby rozwiązać quiz!

Ogólne statystyki

  • Ten quiz został rozwiązany 8 553 razy
    (3 895 od ostatniego zresetowania)
  • Średni wynik to 10 z 21

Statystyki odpowiedzi

LudnośćAglomeracja% Poprawnych
21,5 mlnKair
96%
14,2 mlnJohannesburg / Pretoria
82%
4,03 mlnAlgier
76%
4,30 mlnKapsztad
69%
20,1 mlnLagos
68%
6,10 mlnNairobi
67%
13,9 mlnKinszasa
60%
3,93 mlnDakar
57%
3,90 mlnAddis Abeba
55%
6,50 mlnChartum
53%
5,95 mlnAleksandria
52%
4,55 mlnCasablanca
50%
3,73 mlnAbudża
48%
8,44 mlnLuanda
44%
5,20 mlnAkra
39%
6,45 mlnDar es Salaam
30%
3,68 mlnKampala
30%
5,75 mlnAbidżan
24%
3,68 mlnBamako
24%
4,85 mlnKano
15%
3,68 mlnIbadan
10%

Rozkład punktacji

Percentyl według liczby udzielonych odpowiedzi

Procent ludzi z każdym wynikiem

Twoja historia wyników

Nie rozwiązałeś tego quizu od ostatniego zresetowania